| 000 | 00745nam a2200229 i 4500 | ||
|---|---|---|---|
| 001 | 29769 | ||
| 003 | ES-MaACL | ||
| 005 | 20250630152509.0 | ||
| 007 | t| | ||
| 008 | 030122s1920 sp |||| | spa d | ||
| 100 | 1 |
_aBaroja, Pío, _d1872-1956 _925752 |
|
| 245 | 1 | 3 |
_aLa sensualidad pervertida _b: ensayos amorosos de un hombre ingenuo en una época de decadencia / _cPío Baroja. |
| 260 |
_aMadrid : _bRafael Caro Raggio, _c[1920] |
||
| 300 |
_a393 p. ; _c19 cm. |
||
| 490 | 1 | _aLas ciudades | |
| 530 | _aDisponible en formato digital. | ||
| 830 | 0 |
_aLas ciudades _9181277 |
|
| 852 |
_aES-MaACL _jB-5759 _cSPB |
||
| 856 |
_uhttps://archive.org/details/lasciudades03baro/page/n10 _yInternet Archive |
||
| 942 | _2udc | ||
| 999 |
_c29769 _d29769 |
||